Online
Catalog

Dios habla a sus hijos : (Record no. 45303)

MARC details
000 -CABECERA
campo de control de longitud fija 00811nam a2200193 a 4500
001 - NÚMERO DE CONTROL
campo de control 000045814
005 - FECHA Y HORA DE LA ÚLTIMA TRANSACCIÓN
campo de control 20201002052447.0
008 - DATOS DE LONGITUD FIJA--INFORMACIÓN GENERAL
campo de control de longitud fija 150515s1989 sp a 000 0 spa d
020 ## - NÚMERO INTERNACIONAL ESTÁNDAR DEL LIBRO
Número Internacional Estándar del Libro 8471516039
040 ## - FUENTE DE LA CATALOGACIÓN
Centro catalogador/agencia de origen DO-SdBNP
Lengua de catalogación spa
Centro/agencia transcriptor BNPHU
082 ## - NÚMERO DE LA CLASIFICACIÓN DECIMAL DEWEY
Número de clasificación xxxx
Número de documento/Ítem xxxx
100 1# - ENTRADA PRINCIPAL--NOMBRE DE PERSONA
Nombre de persona Beck, Eleonore
9 (RLIN) 73893
245 10 - MENCIÓN DE TÍTULO
Título Dios habla a sus hijos :
Resto del título textos bíblicos /
Mención de responsabilidad, etc. [textos, Eleonore Beck ; dibujos Miren Sorne ; traducción Constantino Ruiz-Garrido].
260 ## - PUBLICACIÓN, DISTRIBUCIÓN, ETC.
Lugar de publicación, distribución, etc. Navarra, España :
Nombre del editor, distribuidor, etc. Verbo Divino,
Fecha de publicación, distribución, etc. 1989.
300 ## - DESCRIPCIÓN FÍSICA
Extensión 96 p. :
Otras características físicas il. ;
Dimensiones 19 cm.
500 ## - NOTA GENERAL
Nota general Edición ofrecida por ayuda a la iglesia necesitada, como aporte al fortalecimiento de la fe, con motivo del V Centenario de la Evangelización de América Latina.
700 12 - PUNTO DE ACCESO ADICIONAL--NOMBRE DE PERSONA
Nombre de persona Sorne, Miren,
Término indicativo de función/relación dibj.
9 (RLIN) 73894
700 12 - PUNTO DE ACCESO ADICIONAL--NOMBRE DE PERSONA
Nombre de persona Ruiz-Garrido, Constantino,
Término indicativo de función/relación tr.
9 (RLIN) 53096
Holdings
Estado de retiro Estado de pérdida Restricciones de uso No para préstamo Código de colección Localización permanente Ubicación/localización actual Ubicación en estantería Fecha de adquisición Número de inventario Total de préstamos Signatura topográfica completa Código de barras Fecha visto por última vez Precio válido a partir de Tipo de ítem Koha
      Excluido de préstamo Monografías: Libros y Folletos General General En catalogación 15.05.2015 LF1   xxxx xxxx 45814-10 25.06.2020 25.06.2020 No se presta

Powered by Koha